Słowacki ruch narodowy w XIX i początkach XX wieku (do 1914 roku)

Podrobná bibliografia
Hlavný autor: Giza, Antoni, 1947-2005 (Autor)
Médium: Kniha
Jazyk:poľština
PhysicalDescription:178 s. fotogr., ilustr. 24 cm
Vydavateľské údaje: Szczecin Wydawnictwo Naukowe Uniwersytetu Szczecińskiego 2000
ISBN:8372410917
ISSN:0860-2751
Edícia:Rozprawy i studia
Predmet:

MARC

LEADER 00000nam a2200000 a 4500
001 vtls001426727
003 SK-MaSNL
005 20260302001806.0
008 251029s2000 pl ad r y pol
015 |a SNBZSA2002-00052 
020 |a 8372410917 
035 |a SNK000381683 
035 |a urn:nbn:sk:snk-amk1y4 
035 |a urn:nbn:sk:snk-am0086e2 
035 |a 7EB849A7-90F6-436F-A6B1-A20AA007D8B3 
040 |a SNK  |b slo  |c SNK  |e AACR2 
041 0 |a pol 
043 |a e-xo--- 
044 |a PL 
080 |a 943.76"18/191"=84  |2 1981 
080 |a 301.15:323.1(437)"18/191"=84  |2 1981 
100 1 |a Giza, Antoni,  |d 1947-2005  |4 aut  |9 117317 
245 1 0 |a Słowacki ruch narodowy w XIX i początkach XX wieku (do 1914 roku)  |c Antoni Giza 
260 |a Szczecin  |b Wydawnictwo Naukowe Uniwersytetu Szczecińskiego  |c 2000 
300 |a 178 s.  |b fotogr., ilustr.  |c 24 cm 
490 1 |a Rozprawy i studia  |x 0860-2751  |v t. 351 
504 |a Bibliogr. Reg. Res. nem. 
650 0 7 |a povedomie národné  |x dejiny  |z Slovensko  |2 SNK  |9 638250 
655 7 |a príručky  |2 SNK  |9 74364 
830 0 |a Rozprawy i studia  |x 0860-2751  |9 638251 
919 |a 83-7241-091-7 
958 |a ZS 
958 |a TL 
958 |a NB 
999 |c 985313  |d 987243 
952 |t P60, <03>, [BOOK], {603}  |a SNK  |b SNK  |y PREZ  |7 0  |p 17A0328700  |o snkSC 107106  |i snkV 143/2002  |0 0  |1 0  |4 0  |d 2002-01-25  |f 1  |l 0  |r 2025-09-26 00:00:00  |w 2026-02-24 
952 |a SNK  |b SNK  |y VYP  |7 0  |p 17A0465487  |o snkSC 107106 D1  |i snk2005/5811  |8 2  |g 4.32  |0 0  |1 0  |4 0  |d 2005-04-08  |l 0  |r 2026-02-24 11:31:24  |w 2026-02-24